Проблема ртутного загрязнения р. Иртыш; Творчество юных - шаг в успешное будущее

Dettagli Bibliografici
Parent link:Творчество юных - шаг в успешное будущее.— 2014.— [С. 309-311]
Autore principale: Шайхитдинов Р. Р.
Ente Autore: Национальный исследовательский Томский политехнический университет (ТПУ) Институт природных ресурсов (ИПР) Кафедра геоэкологии и геохимии (ГЭГХ)
Altri autori: Осипова Н. А. Нина Александровна (научный руководитель)
Riassunto:Заглавие с титульного экрана
Lingua:russo
Pubblicazione: 2014
Serie:Глобальные экологические проблемы Земли в условиях дефицита водных ресурсов и освоения шельфа океанов
Soggetti:
Accesso online:http://www.lib.tpu.ru/fulltext/c/2015/C66/114.pdf
Natura: MixedMaterials Elettronico Capitolo di libro
KOHA link:https://koha.lib.tpu.ru/cgi-bin/koha/opac-detail.pl?biblionumber=612525

MARC

LEADER 00000naa2a2200000 4500
001 612525
005 20260424112531.0
035 |a (RuTPU)RU\TPU\conf\10647 
035 |a RU\TPU\conf\10646 
090 |a 612525 
100 |a 20150618d2014 k y0rusy50 ca 
101 0 |a rus 
102 |a RU 
135 |a drgn ---uucaa 
181 0 |a i  
182 0 |a b 
200 1 |a Проблема ртутного загрязнения р. Иртыш  |f Р. Р. Шайхитдинов  |g науч. рук. Н. А. Осипова 
203 |a Текст  |c электронный 
225 1 |a Глобальные экологические проблемы Земли в условиях дефицита водных ресурсов и освоения шельфа океанов 
300 |a Заглавие с титульного экрана 
320 |a [Библиогр.: с. 311 (3 назв.)] 
337 |a Adobe Reader 
463 1 |0 (RuTPU)RU\TPU\conf\10372  |t Творчество юных - шаг в успешное будущее  |o материалы VII Всероссийской научной студенческой конференции с элементами научной школы имени профессора М.К. Коровина, г. Томск, 10-14 ноября 2014 г.  |f Национальный исследовательский Томский политехнический университет (ТПУ) ; под ред. А. Ю. Дмитриева  |v [С. 309-311]  |d 2014 
610 1 |a труды учёных ТПУ 
610 1 |a электронный ресурс 
610 1 |a загрязняющие вещества 
610 1 |a ртуть 
610 1 |a Иртыш 
700 1 |a Шайхитдинов  |b Р. Р. 
702 1 |a Осипова  |b Н. А.  |c геохимик и геоэколог  |c доцент Томского политехнического университета, кандидат химических наук  |f 1958-  |g Нина Александровна  |4 727 
712 0 2 |a Национальный исследовательский Томский политехнический университет (ТПУ)  |b Институт природных ресурсов (ИПР)  |b Кафедра геоэкологии и геохимии (ГЭГХ)  |3 (RuTPU)RU\TPU\col\18658 
801 2 |a RU  |b 63413507  |c 20161015  |g RCR 
856 4 |u http://www.lib.tpu.ru/fulltext/c/2015/C66/114.pdf 
942 |c BK